00852 a2200169 4500003000500000005001700005020001500022040000900037082001200046100004100058245009700099250001200196260003800208300000900246505041000255650001700665Nust20221021122128.0 a0070529108 cNust a621,ALC aMechatronics and measurement systems aIntroduiction Mechatronics and Measurement Systems /cDavid G.Aliciatore & Michael B.Histand a2nd ed. aNew DelhibTata McGraw-Hillc2005 a466p aIntroduction to Mechatronics and Measurement Systems (Page-1), Electric Circuits and Components (Page-6), Semiconductor Electronic (Page-53), Systems Response (Page-96), Analog Signal Processing using Operational Amplifiers (Page-14), Digital Circuits (Page-178), Data Acquisition (Page-297), Sensors (Page-315), Actuators (Page-372), Mechtronic Systems Control Architectures and Case Studies (Page-416).  amechatronics